What is This #2 - Statistics

General Stats
  • This quiz has been taken 22 times
  • The average score is 12 of 16
Answer Stats
Picture Answer % Correct
Baby
100%
House
100%
Calculator
95%
CD
95%
Hose
95%
Violin
95%
Tomato
90%
Marble
75%
Nail polish
75%
Plane
75%
Xylophone
75%
Paint
70%
Sneakers
50%
Marshmallow
40%
Staircase
35%
Ibex
25%
No matching quizzes found
Score Distribution
Percent of People with Each Score
Percentile by Number Answered
Your Score History
You have not taken this quiz